An ecologically annotated checklist of the vascular flora at the Chesapeake Bay Center for field biology, with keys

Saved in:
Bibliographic Details
Main Author: HIGMAN, Daniel
Format: Book
Language:English
Published: Smithsonian Institution Scholarly Press, 2016
Tags: Add Tag
No Tags, Be the first to tag this record!

MARC

LEADER 00000nam a22000007a 4500
008 201214b ||||| |||| 00| 0 eng d
020 |a ISBN: 978-1-935623-98-4 
100 |a HIGMAN, Daniel. 
245 |a An ecologically annotated checklist of the vascular flora at the Chesapeake Bay Center for field biology, with keys  |c  Daniel Higman.-   |g x; 239p.; ill 
250 |b (updated Ed.) 
260 |b Smithsonian Institution Scholarly Press,  |c  2016  |h Washington, D.C  |i 690044   |l QK165 .H53  |m Chesapeake Bay Center for field biology  |m  Maryland – Anne Arundel county.  |m Plants – Maryland – Anne Arundel County  |m Plants ecology – Maryland – Anne Arundel County 
500 |a “It includes bibliographical references” 
942 |a lcc  |c BK  |e Olagoke,M A  |f 14/12/2020 
952 |0 0  |1 0  |2 lcc  |4 0  |6 QK0165 H53  |7 0  |9 473  |a HOL  |b HOL  |c QZ  |d 2020-12-14  |l 0  |o QK165 .H53  |p 2020-2202  |r 2020-12-14 00:00:00  |w 2020-12-14  |y BK 
999 |c 240  |d 240